Song Titles With Exclamation Points! - Statistics

General Stats
  • This quiz has been taken 37 times
  • The average score is 7 of 15
Answer Stats
Year Artist Song Title % Correct
1965 The Beatles {Help}!
86%
2003 Outkast {Hey} {Ya}!
78%
2000 Britney Spears {Oops}!... {I} {Did} {It} {Again}
78%
2001 System of a Down {Chop} {Suey}!
65%
2004 Usher {Yeah}!
59%
1979 ABBA {Gimme}! {Gimme}! {Gimme}! ({A} {Man} {After} {Midnight})
57%
1997 Shania Twain {Man}! {I} {Feel} {Like} {a} {Woman}!
57%
1965 The Supremes {Stop}! {In} {the} {Name} {of} {Love}
54%
1969 The Beatles {Oh}! {Darling}
35%
1965 The Byrds {Turn}! {Turn}! {Turn}!
32%
1993 Tag Team {Whoomp}! ({There} {It} {Is})
30%
2006 My Chemical Romance {Dead}!
27%
1990 George Michael {Freedom}!
24%
1967 The Beatles {Being} {for} {the} {Benefit} {of} {Mr.} {Kite}!
19%
1969 Sly and the Family Stone {Stand}!
14%
No matching quizzes found
Score Distribution
Percent of People with Each Score
Percentile by Number Answered
Your Score History
You have not taken this quiz